000 00305nam a2200133 i 4500
001 bgj
245 1 0 _aÜberreicht von der Robert Bosch Stiftung
650 9 _aPowieść niemiecka
040 _cBPK
041 _ager
080 _a821.112.2-3
942 _cKS
008 s gw f |000 0 ger
999 _c49501
_d49501
856 _uhttp://koha.tu.koszalin.pl/cgi-bin/koha/opac-detail.pl?biblionumber=49501
_yKatalog online BPK